[Event "Feffernitz Raika op 08th"]
[Site "Feffernitz"]
[Date "1999.08.20"]
[Round "6.13"]
[White "Feichter, Clemens"]
[Black "Diermair, Andreas"]
[Result "1-0"]
[WhiteElo "2170"]
[BlackElo "1890"]
[PlyCount "85"]
[EventDate "1999.08.??"]
[EventType "swiss"]
[EventRounds "9"]
[EventCountry "AUT"]
[SourceTitle "EXT 2004"]
[Source "ChessBase"]
[SourceDate "2003.11.25"]
[SourceVersion "1"]
[SourceVersionDate "2003.11.25"]
[SourceQuality "1"]

1. e4 c5 2. Nc3 d6 3. f4 g6 4. Nf3 Bg7 5. Bc4 a6 6. a4 Nc6 7. 0-0 Nf6 8. d3 0-0 9. h3 Rb8 10. Bd2 Nd4 11. Nxd4 cxd4 12. Nd5 Nxd5 13. Bxd5 Bd7 14. Qe1 Qc8 15. Bb3 b5 16. axb5 Bxb5 17. Qg3 Bh6 18. Qh4 Bg7 19. Rf3 Bf6 20. Qg3 e6 21. f5 Be5 22. Qh4 exf5 23. exf5 Bc6 24. fxg6 hxg6 25. Rf2 d5 26. Bh6 Qd8 27. Qg4 Re8 28. Qf3 Qd7 29. Rxa6 Re6 30. Bg5 Bb7 31. Ba4 Qc7 32. Rxe6 fxe6 33. Bf4 Bxf4 34. Qxf4 Qxf4 35. Rxf4 Ra8 36. Rxd4 Kf7 37. Rb4 Kf6 38. Bd7 Bc8 39. Ba4 Ke5 40. d4+ Ke4 41. c3 g5 42. Kf2 Ra7 43. Bc2+ 1-0

[Event "Feffernitz Raika op 08th"]
[Site "Feffernitz"]
[Date "1999.08.19"]
[Round "5.5"]
[White "Neulinger, Manfred"]
[Black "Feichter, Clemens"]
[Result "1-0"]
[WhiteElo "2260"]
[BlackElo "2170"]
[PlyCount "63"]
[EventDate "1999.08.??"]
[EventType "swiss"]
[EventRounds "9"]
[EventCountry "AUT"]
[SourceTitle "EXT 2004"]
[Source "ChessBase"]
[SourceDate "2003.11.25"]
[SourceVersion "1"]
[SourceVersionDate "2003.11.25"]
[SourceQuality "1"]

1. e4 e5 2. Nf3 Nc6 3. Bb5 g6 4. c3 a6 5. Ba4 Bg7 6. d3 d6 7. Nbd2 Nge7 8. Nf1 h6 9. Ne3 0-0 10. h4 Be6 11. h5 f5 12. Bb3 Qd7 13. hxg6 Na5 14. exf5 Nxf5 15. Bxe6+ Qxe6 16. Nxf5 Qxf5 17. Bxh6 Qxg6 18. Bxg7 Kxg7 19. Rh3 Rh8 20. Nh4 Qh5 21. Qxh5 Rxh5 22. g4 Rg5 23. Nf5+ Kf6 24. f3 d5 25. Rh6+ Kf7 26. Kf2 e4 27. dxe4 dxe4 28. Rd1 exf3 29. Rd7+ Kf8 30. Rh8+ Rg8 31. Rxg8+ Kxg8 32. g5 1-0

[Event "AUT-chT2S 9899"]
[Site "Austria"]
[Date "1998.10.18"]
[Round "2.5"]
[White "Schroecker, Maria Luise"]
[Black "Feichter, Clemens"]
[Result "1/2-1/2"]
[WhiteElo "2095"]
[BlackElo "2175"]
[PlyCount "86"]
[EventDate "1998.10.??"]
[EventType "team"]
[EventRounds "11"]
[EventCountry "AUT"]
[SourceTitle "EXT 2001"]
[Source "ChessBase"]
[SourceDate "2000.11.22"]
[SourceVersion "1"]
[SourceVersionDate "2000.11.22"]
[SourceQuality "1"]

1. d4 g6 2. e4 Bg7 3. c4 Nc6 4. d5 Nd4 5. Ne2 c5 6. Nbc3 d6 7. Be3 Qb6 8. Qd2 Bg4 9. Na4 Qa6 10. Nxd4 Qxa4 11. Nb5 Rc8 12. b3 Qa6 13. Rc1 Nf6 14. f3 Bd7 15. Nc3 0-0 16. Be2 b6 17. 0-0 Ne8 18. Bg5 Bd4+ 19. Kh1 f6 20. Bh4 Ng7 21. Bd3 g5 22. Be1 e5 23. Ne2 Qb7 24. Bf2 Kf7 25. Ng1 Ke7 26. g3 h6 27. f4 Rh8 28. Bxd4 cxd4 29. fxe5 dxe5 30. Qb4+ Rc5 31. Rc2 Rf8 32. Rcf2 Ne8 33. Qd2 Qc7 34. Be2 Ng7 35. Re1 Qd6 36. Bf1 a5 37. Bh3 Bxh3 38. Nxh3 Qd7 39. Kg2 Rcc8 40. Ref1 Qd6 41. Ng1 Rf7 42. Ne2 Rcf8 43. Qc2 Rc8 1/2-1/2

[Event "AUT-chT2S 9697"]
[Site "Austria"]
[Date "1997.??.??"]
[Round "8"]
[White "Handler, Franz"]
[Black "Feichter, Clemens"]
[Result "1-0"]
[WhiteElo "1965"]
[BlackElo "1885"]
[PlyCount "71"]
[EventDate "1996.??.??"]
[EventType "team"]
[EventRounds "11"]
[EventCountry "AUT"]
[SourceTitle "EXT 1999"]
[Source "ChessBase"]
[SourceDate "1998.11.16"]
[SourceVersion "1"]
[SourceVersionDate "1998.11.16"]
[SourceQuality "1"]

1. d4 g6 2. c4 Bg7 3. Nc3 d6 4. e4 Nc6 5. Be3 e5 6. d5 Nce7 7. Qd2 f5 8. f3 Nf6 9. 0-0-0 Bd7 10. Be2 a6 11. Bd3 0-0 12. Bc2 Nc8 13. Nge2 c5 14. dxc6 bxc6 15. c5 f4 16. Bf2 Ne8 17. Bb3+ Kh8 18. Na4 Rf6 19. Bh4 Qc7 20. Bxf6 Bxf6 21. g3 d5 22. exd5 Rb8 23. d6 Qd8 24. gxf4 exf4 25. Nec3 Rb4 26. Ne4 Qa5 27. Nxf6 Nxf6 28. Qc3 Kg7 29. Nb6 Nxb6 30. cxb6 Qxb6 31. Rhe1 Rb5 32. Re7+ Kh6 33. Qxf6 Rc5+ 34. Kb1 Bf5+ 35. Ka1 Bd3 36. Qg7+ 1-0

[Event "Feffernitz Raika op 05th"]
[Site "Feffernitz"]
[Date "1996.??.??"]
[Round "?"]
[White "Feichter, Clemens"]
[Black "Achleitner, Robert"]
[Result "1-0"]
[WhiteElo "1965"]
[BlackElo "1825"]
[PlyCount "77"]
[EventDate "1996.08.??"]
[EventType "swiss"]
[EventRounds "9"]
[EventCountry "AUT"]
[SourceTitle "EXT 2004"]
[Source "ChessBase"]
[SourceDate "2003.11.25"]
[SourceVersion "1"]
[SourceVersionDate "2003.11.25"]
[SourceQuality "1"]

1. e4 e6 2. d4 d5 3. e5 c5 4. c3 Nc6 5. Nf3 Bd7 6. a3 c4 7. Nbd2 b5 8. g3 a5 9. h4 h6 10. Bg2 a4 11. Nf1 Be7 12. Be3 Na5 13. N1d2 Qb6 14. 0-0 0-0-0 15. Qe2 Rf8 16. Bh3 Qd8 17. Kg2 f6 18. exf6 gxf6 19. Bf4 f5 20. Qe5 Nc6 21. Qxh8 Nf6 22. Qxh6 Rh8 23. Qxh8 Qxh8 24. Rae1 Ne4 25. Nxe4 dxe4 26. Ng5 Bxg5 27. Bxg5 Nd8 28. f3 exf3+ 29. Kxf3 Bc6+ 30. Kf2 Bd5 31. Bg2 Nc6 32. Bxd5 exd5 33. Kg2 Nxd4 34. cxd4 Qxd4 35. Rxf5 Qxb2+ 36. Rf2 Qxa3 37. Re7 Qxe7 38. Bxe7 Kd7 39. Bb4 1-0

[Event "Finkenstein op"]
[Site "Finkenstein"]
[Date "1996.??.??"]
[Round "9"]
[White "Feichter, Clemens"]
[Black "Cvitanic, Juri"]
[Result "0-1"]
[WhiteElo "1965"]
[BlackElo "1855"]
[PlyCount "114"]
[EventDate "1996.??.??"]
[EventType "swiss"]
[EventRounds "9"]
[EventCountry "AUT"]
[SourceTitle "EXT 1997"]
[Source "ChessBase"]
[SourceDate "1996.11.15"]
[SourceVersion "1"]
[SourceVersionDate "1996.11.15"]
[SourceQuality "1"]

1. e4 e6 2. d4 d5 3. e5 c5 4. c3 Nc6 5. Nf3 Qb6 6. a3 cxd4 7. cxd4 Na5 8. Nbd2 Qc6 9. b3 b5 10. Bb2 Bd7 11. Rc1 Qb7 12. Be2 Rc8 13. 0-0 Ne7 14. Rxc8+ Bxc8 15. Qc2 Nec6 16. Ne1 Be7 17. Nd3 0-0 18. b4 Nc4 19. Nb3 f6 20. Ndc5 Qc7 21. Bd3 g6 22. Bxg6 hxg6 23. Qxg6+ Kh8 24. f4 Bxc5 25. Nxc5 Qh7 26. Qxh7+ Kxh7 27. Bc3 fxe5 28. fxe5 Rxf1+ 29. Kxf1 Nxa3 30. Kf2 Nc2 31. Nd3 N6xd4 32. g4 Bd7 33. h4 Be8 34. h5 Nc6 35. Kg3 a5 36. bxa5 b4 37. Bd2 b3 38. Kh4 Nxe5 39. Nb2 Nc4 40. Nxc4 dxc4 41. Bc3 Nb4 42. g5 Nd3 43. g6+ Kg8 44. a6 b2 45. a7 Bc6 46. h6 e5 47. Bxb2 Nxb2 48. Kg5 c3 49. Kf6 c2 50. h7+ Kh8 51. Kf7 Bd5+ 52. Kf8 c1Q 53. g7+ Kxh7 54. g8Q+ Bxg8 55. a8Q Qc5+ 56. Ke8 Qb5+ 57. Kf8 Qd5 0-1

[Event "AUT-chT2S 9697"]
[Site "Austria"]
[Date "1996.??.??"]
[Round "2"]
[White "Feichter, Clemens"]
[Black "Emberger, Juergen"]
[Result "1/2-1/2"]
[WhiteElo "1965"]
[BlackElo "2040"]
[PlyCount "80"]
[EventDate "1996.??.??"]
[EventType "team"]
[EventRounds "11"]
[EventCountry "AUT"]
[SourceTitle "EXT 1999"]
[Source "ChessBase"]
[SourceDate "1998.11.16"]
[SourceVersion "1"]
[SourceVersionDate "1998.11.16"]
[SourceQuality "1"]

1. e4 c6 2. Nc3 d5 3. Nf3 g6 4. d4 Bg7 5. e5 Nh6 6. h3 0-0 7. Be2 Nd7 8. Bf4 e6 9. g4 Kh8 10. Qd2 Ng8 11. g5 a6 12. Nd1 c5 13. c3 Ne7 14. Ne3 Nf5 15. Nxf5 exf5 16. h4 Re8 17. h5 Qb6 18. hxg6 fxg6 19. 0-0 cxd4 20. cxd4 Nf8 21. Rac1 Ne6 22. Rc2 Bd7 23. Rfc1 Rac8 24. Rxc8 Rxc8 25. Rxc8+ Bxc8 26. Be3 Bd7 27. Ne1 f4 28. Bxf4 Qxd4 29. Qxd4 Nxd4 30. Bf3 Nxf3+ 31. Nxf3 Kg8 32. Nd4 Kf7 33. Kg2 Bf8 34. Kf3 Bc5 35. Ke3 b6 36. Kd3 Ke7 37. a3 a5 38. f3 Bxd4 39. Kxd4 Ke6 40. Be3 a4 1/2-1/2

[Event "AUT-chT2S 9596"]
[Site "Austria"]
[Date "1996.??.??"]
[Round "?"]
[White "Feichter, Clemens"]
[Black "Figler, Dieter"]
[Result "1/2-1/2"]
[WhiteElo "2055"]
[BlackElo "2110"]
[PlyCount "54"]
[EventDate "1995.??.??"]
[EventType "team-tourn"]
[EventRounds "11"]
[EventCountry "AUT"]
[SourceTitle "EXT 1999"]
[Source "ChessBase"]
[SourceDate "1998.11.16"]
[SourceVersion "1"]
[SourceVersionDate "1998.11.16"]
[SourceQuality "1"]

1. e4 e6 2. Nc3 d5 3. Nf3 c5 4. Bb5+ Nc6 5. Qe2 d4 6. Nd1 Bd7 7. 0-0 Nge7 8. d3 a6 9. Bxc6 Nxc6 10. Ne1 Be7 11. f4 0-0 12. g4 f5 13. Ng2 fxe4 14. Qxe4 Nb4 15. Rf2 Bd6 16. a3 Nd5 17. c4 Nf6 18. Qe2 Qe8 19. Bd2 e5 20. f5 e4 21. dxe4 Nxe4 22. Rf1 Nf6 23. Qxe8 Raxe8 24. Nf2 Re2 25. Bf4 Bxf4 26. Nxf4 Rxb2 27. N2d3 Rc2 1/2-1/2

[Event "Finkenstein op"]
[Site "Finkenstein"]
[Date "1996.??.??"]
[Round "5"]
[White "Feichter, Clemens"]
[Black "Giessmann, Andreas"]
[Result "1-0"]
[WhiteElo "1965"]
[BlackElo "2030"]
[PlyCount "55"]
[EventDate "1996.??.??"]
[EventType "swiss"]
[EventRounds "9"]
[EventCountry "AUT"]
[SourceTitle "EXT 1997"]
[Source "ChessBase"]
[SourceDate "1996.11.15"]
[SourceVersion "1"]
[SourceVersionDate "1996.11.15"]
[SourceQuality "1"]

1. e4 d5 2. Nc3 d4 3. Nce2 e5 4. Ng3 Be6 5. Nf3 Nd7 6. c3 c5 7. Bb5 Bd6 8. d3 a6 9. Bxd7+ Bxd7 10. c4 g6 11. Qe2 h5 12. h3 Qe7 13. Bd2 f6 14. Nh4 Qh7 15. Rb1 b5 16. b3 Ne7 17. f4 0-0 18. f5 gxf5 19. exf5 Nxf5 20. Ngxf5 Bxf5 21. Nxf5 Qxf5 22. g4 hxg4 23. hxg4 Qg6 24. Rh6 Qf7 25. Qe4 Rfe8 26. Rg6+ Kf8 27. Bh6+ Ke7 28. Rg7 1-0

[Event "Finkenstein op"]
[Site "Finkenstein"]
[Date "1996.??.??"]
[Round "3"]
[White "Feichter, Clemens"]
[Black "Kovacic, Peter"]
[Result "0-1"]
[WhiteElo "1965"]
[BlackElo "2155"]
[PlyCount "78"]
[EventDate "1996.??.??"]
[EventType "swiss"]
[EventRounds "9"]
[EventCountry "AUT"]
[SourceTitle "EXT 1997"]
[Source "ChessBase"]
[SourceDate "1996.11.15"]
[SourceVersion "1"]
[SourceVersionDate "1996.11.15"]
[SourceQuality "1"]

1. e4 e5 2. Bc4 Nc6 3. d3 Nf6 4. Nf3 Be7 5. 0-0 d6 6. c3 0-0 7. h3 a6 8. Be3 d5 9. exd5 Nxd5 10. Re1 b5 11. Bb3 Nxe3 12. fxe3 Qd6 13. Qe2 Na5 14. Bc2 Bf5 15. Nbd2 c5 16. e4 Bg6 17. Nf1 Qc7 18. Ne3 c4 19. d4 Bd6 20. Kh1 exd4 21. cxd4 Bg3 22. Rf1 Rfe8 23. e5 Qb6 24. Nd5 Qc6 25. Bxg6 hxg6 26. Nb4 Qd7 27. Qe4 Rad8 28. Rad1 f5 29. Qe3 Qe7 30. Nxa6 Nc6 31. Nc5 Rd5 32. Ne4 fxe4 33. Qxe4 Qd7 34. Qxg6 Bf4 35. Nh4 Ne7 36. Qh5 Rf8 37. Ng6 Nxg6 38. Qxg6 Rxd4 39. Rxd4 Qxd4 0-1

[Event "Finkenstein op"]
[Site "Finkenstein"]
[Date "1996.??.??"]
[Round "7"]
[White "Feichter, Clemens"]
[Black "Roskar, Robert"]
[Result "0-1"]
[WhiteElo "1965"]
[BlackElo "2200"]
[PlyCount "98"]
[EventDate "1996.??.??"]
[EventType "swiss"]
[EventRounds "9"]
[EventCountry "AUT"]
[SourceTitle "EXT 1997"]
[Source "ChessBase"]
[SourceDate "1996.11.15"]
[SourceVersion "1"]
[SourceVersionDate "1996.11.15"]
[SourceQuality "1"]

1. e4 c5 2. Nc3 g6 3. f4 Bg7 4. Nf3 Nc6 5. Be2 e6 6. d4 Nxd4 7. Nxd4 cxd4 8. Nb5 d6 9. Nxd4 Nf6 10. Bf3 Qb6 11. c3 Bd7 12. Qb3 Qxb3 13. axb3 e5 14. Ne2 Bc6 15. Ng3 0-0 16. 0-0 h5 17. Re1 Rfe8 18. Nh1 Bh6 19. fxe5 Bxc1 20. Raxc1 Rxe5 21. Nf2 Rae8 22. Rcd1 R5e6 23. c4 Nxe4 24. Nxe4 Bxe4 25. Bxe4 Rxe4 26. Rxe4 Rxe4 27. Kf2 Re6 28. Rd5 b6 29. b4 Kf8 30. c5 dxc5 31. bxc5 bxc5 32. Rxc5 Rb6 33. Rc2 Rb3 34. Ke2 Kg7 35. Kd1 a5 36. Re2 Rb5 37. Kc2 g5 38. Kc3 Kg6 39. Kc4 Rb4+ 40. Kc5 f6 41. Kd5 Rh4 42. g3 Rb4 43. Kc5 h4 44. Rd2 hxg3 45. hxg3 Rb3 46. Rg2 f5 47. Kd5 Kh5 48. g4+ fxg4 49. Rh2+ Rh3 0-1

[Event "AUT-chT2S 9697"]
[Site "Austria"]
[Date "1996.??.??"]
[Round "11"]
[White "Feichter, Clemens"]
[Black "Wilfling, Hermann"]
[Result "0-1"]
[WhiteElo "2095"]
[BlackElo "1965"]
[PlyCount "70"]
[EventDate "1996.??.??"]
[EventType "team"]
[EventRounds "11"]
[EventCountry "AUT"]
[SourceTitle "EXT 1999"]
[Source "ChessBase"]
[SourceDate "1998.11.16"]
[SourceVersion "1"]
[SourceVersionDate "1998.11.16"]
[SourceQuality "1"]

1. e4 c5 2. Nc3 e6 3. Nf3 Nc6 4. Bb5 Nd4 5. Nxd4 cxd4 6. Ne2 a6 7. Bd3 Qb6 8. 0-0 g6 9. f4 Bg7 10. b3 Ne7 11. Ng3 d6 12. Kh1 Bd7 13. a4 Rd8 14. Ba3 Bc8 15. f5 Be5 16. Qf3 Rf8 17. fxg6 hxg6 18. Ne2 Kd7 19. Nf4 Rde8 20. Nh3 f6 21. Nf2 f5 22. exf5 gxf5 23. Rae1 Qc6 24. Qxc6+ Nxc6 25. b4 Rh8 26. h3 Ne7 27. Bc4 Ng6 28. Nd3 Bg3 29. Rc1 b6 30. Ne1 Bb7 31. Nf3 Nf4 32. Bb2 e5 33. Kg1 Re7 34. Nxd4 exd4 35. Bxd4 Nxh3+ 0-1

[Event "AUT-chT2S 9697"]
[Site "Austria"]
[Date "1996.??.??"]
[Round "5"]
[White "Feichter, Clemens"]
[Black "Wurm, Christoph"]
[Result "1-0"]
[WhiteElo "2070"]
[BlackElo "1965"]
[PlyCount "83"]
[EventDate "1996.??.??"]
[EventType "team"]
[EventRounds "11"]
[EventCountry "AUT"]
[SourceTitle "EXT 1999"]
[Source "ChessBase"]
[SourceDate "1998.11.16"]
[SourceVersion "1"]
[SourceVersionDate "1998.11.16"]
[SourceQuality "1"]

1. e4 c5 2. Nc3 Nc6 3. f4 g6 4. Nf3 Bg7 5. a4 e6 6. d4 Nxd4 7. Nxd4 cxd4 8. Nb5 d6 9. Nxd4 a6 10. c3 Ne7 11. Be3 0-0 12. Be2 Qc7 13. 0-0 b6 14. Bd3 e5 15. Ne2 exf4 16. Nxf4 Bb7 17. Qb3 Bc6 18. Qxb6 Qxb6 19. Bxb6 Rfb8 20. Bc7 Rxb2 21. Bxd6 Nc8 22. Ba3 Rb7 23. Rac1 Bxa4 24. Nd5 Bc6 25. Nb4 Bb5 26. c4 Be8 27. c5 a5 28. Nc2 Rb3 29. Bc4 Rc3 30. Bd5 Rb8 31. Rf3 Rxf3 32. gxf3 Ne7 33. Kf2 Bc6 34. Rd1 Kf8 35. Ne3 Ke8 36. Nc4 Bxd5 37. exd5 Rb3 38. c6 Nc8 39. d6 Nxd6 40. Nxd6+ Kd8 41. Nc4+ Kc7 42. Bd6+ 1-0

[Event "Finkenstein op"]
[Site "Finkenstein"]
[Date "1996.??.??"]
[Round "6"]
[White "Knoll, Hermann"]
[Black "Feichter, Clemens"]
[Result "1-0"]
[WhiteElo "2250"]
[BlackElo "1965"]
[PlyCount "55"]
[EventDate "1996.??.??"]
[EventType "swiss"]
[EventRounds "9"]
[EventCountry "AUT"]
[SourceTitle "EXT 1997"]
[Source "ChessBase"]
[SourceDate "1996.11.15"]
[SourceVersion "1"]
[SourceVersionDate "1996.11.15"]
[SourceQuality "1"]

1. d4 g6 2. g3 Bg7 3. Bg2 d6 4. e4 Nd7 5. Ne2 c6 6. 0-0 h5 7. h4 Qc7 8. a4 Ngf6 9. Nbc3 b6 10. b4 Bb7 11. Ra3 c5 12. bxc5 bxc5 13. Nb5 Qc8 14. d5 a6 15. Nbc3 Ne5 16. Rb3 Qc7 17. f4 Neg4 18. e5 Nd7 19. e6 c4 20. exd7+ Kxd7 21. Rb1 Rab8 22. Kh1 Qc5 23. Ne4 Qa7 24. f5 gxf5 25. Rxf5 Nf6 26. Nxf6+ Bxf6 27. Qg1 Qa8 28. Be3 1-0

[Event "Feffernitz Raika op 05th"]
[Site "Feffernitz"]
[Date "1996.??.??"]
[Round "?"]
[White "Steiner, Stefan"]
[Black "Feichter, Clemens"]
[Result "1-0"]
[WhiteElo "1825"]
[BlackElo "1965"]
[PlyCount "57"]
[EventDate "1996.08.??"]
[EventType "swiss"]
[EventRounds "9"]
[EventCountry "AUT"]
[SourceTitle "EXT 2004"]
[Source "ChessBase"]
[SourceDate "2003.11.25"]
[SourceVersion "1"]
[SourceVersionDate "2003.11.25"]
[SourceQuality "1"]

1. Nf3 Nc6 2. c4 e5 3. Nc3 f5 4. d4 e4 5. Nd2 Nf6 6. e3 Bb4 7. Qb3 0-0 8. d5 Bxc3 9. Qxc3 Ne7 10. b3 d6 11. Bb2 Qe8 12. 0-0-0 b5 13. f3 a5 14. fxe4 b4 15. Qc2 a4 16. Bd3 axb3 17. axb3 Nxe4 18. Nxe4 fxe4 19. Bxe4 Bf5 20. Rdf1 Qg6 21. Bxf5 Nxf5 22. Rf3 Rae8 23. Re1 Qh6 24. Qd2 Rf7 25. e4 Qxd2+ 26. Kxd2 Nh4 27. Rxf7 Kxf7 28. Rf1+ Kg6 29. g3 1-0

[Event "Jacques Lemans op 16th"]
[Site "St Veit"]
[Date "1996.??.??"]
[Round "4"]
[White "Tratar, Marko"]
[Black "Feichter, Clemens"]
[Result "1-0"]
[WhiteElo "2420"]
[BlackElo "2051"]
[PlyCount "95"]
[EventDate "1996.07.??"]
[EventType "swiss"]
[EventRounds "9"]
[EventCountry "AUT"]
[SourceTitle "EXT 1999"]
[Source "ChessBase"]
[SourceDate "1998.11.16"]
[SourceVersion "1"]
[SourceVersionDate "1998.11.16"]
[SourceQuality "1"]

1. Nf3 g6 2. d4 Bg7 3. c4 Nf6 4. Nc3 d5 5. cxd5 Nxd5 6. e4 Nxc3 7. bxc3 0-0 8. Be2 c5 9. Rb1 Nc6 10. d5 Bxc3+ 11. Bd2 Bxd2+ 12. Qxd2 Nd4 13. Nxd4 cxd4 14. Qxd4 Qa5+ 15. Qd2 Qxd2+ 16. Kxd2 Rd8 17. Ke3 b6 18. Rbc1 e6 19. Bc4 b5 20. Bxb5 exd5 21. Rhd1 Be6 22. Bc6 Rac8 23. Bxd5 Rxc1 24. Rxc1 Bxd5 25. Rd1 Re8 26. Rxd5 Re7 27. g4 Kg7 28. h4 Rb7 29. h5 Rc7 30. hxg6 hxg6 31. Ra5 Kf6 32. g5+ Ke7 33. Ra6 Rd7 34. Kf4 Rb7 35. f3 Rc7 36. a4 Ke8 37. Ke5 Ke7 38. Ra5 Rd7 39. Rc5 Rb7 40. Kd5 Kd7 41. Rb5 Rc7 42. a5 Ke7 43. a6 Kd8 44. Rb8+ Kd7 45. f4 Ke7 46. Rb7 Kd7 47. Rxc7+ Kxc7 48. f5 1-0

[Event "AUT-chT2S 9495"]
[Site "Austria"]
[Date "1995.??.??"]
[Round "10"]
[White "Feichter, Clemens"]
[Black "Stiffler, Emil"]
[Result "0-1"]
[WhiteElo "1965"]
[BlackElo "2065"]
[PlyCount "62"]
[EventDate "1994.??.??"]
[EventType "team"]
[EventRounds "11"]
[EventCountry "AUT"]
[SourceTitle "EXT 1998"]
[Source "ChessBase"]
[SourceDate "1997.11.17"]
[SourceVersion "1"]
[SourceVersionDate "1997.11.17"]
[SourceQuality "1"]

1. e4 d5 2. d4 dxe4 3. Nc3 Nf6 4. f3 Bf5 5. fxe4 Nxe4 6. Qf3 Nd6 7. Bf4 Qc8 8. Bxd6 cxd6 9. Bb5+ Bd7 10. Bxd7+ Nxd7 11. Nge2 e6 12. 0-0 Nf6 13. g4 h6 14. h4 Qd7 15. Ng3 d5 16. g5 hxg5 17. hxg5 Ne4 18. Ncxe4 dxe4 19. Qxe4 0-0-0 20. Rad1 Bd6 21. Qg4 Qc7 22. Rd3 Kb8 23. Rc3 Qe7 24. Rcf3 f5 25. gxf6 gxf6 26. Rxf6 Qh7 27. R1f3 Rdg8 28. Qxe6 Qh2+ 29. Kf1 Bxg3 30. Rf7 Qh1+ 31. Ke2 Qe1+ 0-1

[Event "AUT-chT2S 9596"]
[Site "Austria"]
[Date "1995.??.??"]
[Round "?"]
[White "Feichter, Clemens"]
[Black "Wurm, Christoph"]
[Result "1-0"]
[WhiteElo "2055"]
[BlackElo "2055"]
[PlyCount "35"]
[EventDate "1995.??.??"]
[EventType "team-tourn"]
[EventRounds "11"]
[EventCountry "AUT"]
[SourceTitle "EXT 1999"]
[Source "ChessBase"]
[SourceDate "1998.11.16"]
[SourceVersion "1"]
[SourceVersionDate "1998.11.16"]
[SourceQuality "1"]

1. Nc3 c5 2. e4 Nc6 3. f4 e6 4. Nf3 g6 5. Be2 Bg7 6. d4 Nxd4 7. Nxd4 Bxd4 8. Nb5 Bg7 9. Nd6+ Kf8 10. f5 Be5 11. 0-0 Qe7 12. fxg6 Qxd6 13. Rxf7+ Ke8 14. Qxd6 Bxd6 15. g7 Be5 16. Rf8+ Ke7 17. Bg5+ Kd6 18. Bf4 1-0